Ανισότητες, συγκεντρώσεις και νέα οικονομική γεωγραφία
Αποθηκεύτηκε σε:
| Κύριος συγγραφέας: | |
|---|---|
| Μορφή: | Βιβλίο |
| Γλώσσα: | Greek |
| Δημοσίευση: |
Αθήνα :
Gutenberg,
2009
|
| Θέματα: | |
| Ετικέτες: |
Προσθήκη ετικέτας
Δεν υπάρχουν, Καταχωρήστε ετικέτα πρώτοι!
|
MARC
| LEADER | 00000nam a2200000 i 4500 | ||
|---|---|---|---|
| 001 | 1/62032 | ||
| 008 | 141216s2009 gre d | ||
| 020 | |a 978-960-01-1298-6 | ||
| 035 | |l 10120158 | ||
| 040 | |a GR-MY-UA |b gre |e aacr | ||
| 041 | 0 | |a gre | |
| 082 | 0 | |a 338.9 |2 (23) | |
| 100 | 1 | |a Καραβέλη, Ελένη. | |
| 245 | 1 | 0 | |a Ανισότητες, συγκεντρώσεις και νέα οικονομική γεωγραφία / |c Ελένη Καραβέλη |
| 260 | |a Αθήνα : |b Gutenberg, |c 2009 | ||
| 300 | |a 319 σ.; |b εικ.; |c 24 εκ. | ||
| 504 | |a Περιλαμβάνει βιβλιογραφικές σημειώσεις | ||
| 650 | 0 | 0 | |a Regional planning. |
| 650 | 0 | 0 | |a Economic geography. |
| 650 | 0 | 0 | |a Regional economics. |
| 650 | 0 | 0 | |a Regional disparities. |
| 852 | |a INST |b LESVOS |c EUDOXUS |e 20141216 |h 338.9 ΚΑΡ |p 005100055788 |q 005100055788 |t EDX |y 0 | ||
| 852 | |a INST |b LESVOS |c EUDOXUS |e 20141216 |h 338.9 ΚΑΡ |p 005100055789 |q 005100055789 |t EDX |y 0 | ||
| 901 | |a BIBL1-2014-3 | ||
| 909 | |a Λ |b 191328 | ||
| 909 | |a Λ |b 191329 | ||
| 920 | |a ΕΥΔΟΞΟΣ |b ΠΑΡΑΓΓΕΛΙΑ |y ΛΕΣΒΟΣ-ΤΓ |z 2014-11 | ||
| 970 | |a ΤΖΑΦΕΡΗ |b ΕΥΑΓΓΕΛΙΑ |z 2014/12/16 | ||